Encyclopedia of Health and Education for the Family. (Record no. 1283)

000 -LEADER
fixed length control field 00578nam a22001457a 4500
008 - FIXED-LENGTH DATA ELEMENTS--GENERAL INFORMATION
fixed length control field 150528b xxu||||| |||| 00| 0 eng d
020 ## - INTERNATIONAL STANDARD BOOK NUMBER
International Standard Book Number 9788472082008
050 ## - LIBRARY OF CONGRESS CALL NUMBER
Classification number RA 440.5 .A38 1996
100 ## - MAIN ENTRY--PERSONAL NAME
Personal name Aguilar, Isidro & Galbes, Herminia.
245 ## - TITLE STATEMENT
Title Encyclopedia of Health and Education for the Family.
Statement of responsibility, etc. Isidro Aguilar & Herminia Galbes
260 ## - PUBLICATION, DISTRIBUTION, ETC. (IMPRINT)
Place of publication, distribution, etc. Spain
Name of publisher, distributor, etc. Editorial Safeliz.
Date of publication, distribution, etc. 1996
300 ## - PHYSICAL DESCRIPTION
Extent 400p:.
Other physical details ill.;
Dimensions 28cm
440 ## - SERIES STATEMENT/ADDED ENTRY--TITLE
Title Encyclopedia of Health and Education for the Family.
650 ## - SUBJECT ADDED ENTRY--TOPICAL TERM
Topical term or geographic name as entry element Health and education for the family
942 ## - ADDED ENTRY ELEMENTS (KOHA)
Source of classification or shelving scheme
Koha item type Hard Covered Materials
Classification part RA 440.5 .A38 1996
Call number prefix RA
Call number suffix 440.5 .A38 1996
Holdings
Withdrawn status Lost status Source of classification or shelving scheme Damaged status Not for loan Home library Current library Shelving location Date acquired Total Checkouts Full call number Barcode Date last seen Price effective from Koha item type
          MACHAKOS UNIVERSITY LIBRARY MACHAKOS UNIVERSITY LIBRARY Open shelf 28/05/2015   RA 440.5 .A35 1996 5229 08/02/2019 28/05/2015 Hard Covered Materials
© Machakos University Library, Along The Highway, Machakos Wote Rd, Machakos, Kenya P.O. Box 136 - 90100 Machakos - Kenya

Tel: ( +254 ) 723 805829 OR Fax : 044-20353 OR Email: library@mksu.ac.ke